Business communication: process and product (Manual Job search express: job hunting on the world wide web) (Record no. 168885)

MARC details
000 -LEADER
fixed length control field 00667nam a2200169Ia 4500
008 - FIXED-LENGTH DATA ELEMENTS--GENERAL INFORMATION
fixed length control field 231217s9999 xx 000 0 und d
041 ## - LANGUAGE CODE
Language code of text/sound track or separate title English
082 ## - DEWEY DECIMAL CLASSIFICATION NUMBER
Classification number 651.4 GUF;2 `R1'
100 ## - MAIN ENTRY--PERSONAL NAME
Personal name Guffey, Mary Ellen
245 #0 - TITLE STATEMENT
Title Business communication: process and product (Manual Job search express: job hunting on the world wide web)
250 ## - EDITION STATEMENT
Edition statement 3rd ed.
260 ## - PUBLICATION, DISTRIBUTION, ETC.
Date of publication, distribution, etc. 2000
Name of publisher, distributor, etc. South-Western College,
300 ## - PHYSICAL DESCRIPTION
Extent xxxv+534
500 ## - GENERAL NOTE
General note Supplement on Job Search express with 18 pages received with this book kept along with the main book
650 ## - SUBJECT ADDED ENTRY--TOPICAL TERM
Topical term or geographic name entry element Business,communication:,proces,product,(Manual,Job,search,express:,job,hunting,world,wide,web)
942 ## - ADDED ENTRY ELEMENTS (KOHA)
Koha item type Books
Holdings
Date last seen Total checkouts Full call number Accession number Date last checked out Cost, total (INR) price Price effective from Category Public note Lost status Damaged status Department Withdrawn status Home library Current library Shelving location Entry date Vendor Cost, normal purchase price Grants Billnumber Billdate Currency symbol Conversion rate Discount Old discount
21/02/2026 2 651.4 GUF;2 `R1' 21048 19/02/2026 636.94 26/01/2024 Books Manual     Central Library   Central Library RFID Kiosk Central Library 28/10/2002 Allied publ. 14.50 MBA 3487 06/01/2005 RS 51.7 2.18 15

© For any Suggestions or Query, please contact the library staff @ librarian@pes.edu or Phone: +9180 2672 1983/ 2108.